| 000 | 00951nam a2200241 a 4500 | ||
|---|---|---|---|
| 001 | 80729 | ||
| 003 | BD-RjUL | ||
| 005 | 20230619145523.0 | ||
| 008 | 221108s2005 bg a|||| m||| 00| 0 eng d | ||
| 035 | _a(BD-RjUL)80729 | ||
| 040 |
_aBD-RjUL _beng _cBD-RjUL _dBD-RjUL |
||
| 041 | _aeng | ||
| 082 |
_223 _a551.436 _bKHS 2005 |
||
| 100 |
_aKhan, Younus Ahmed _95750 |
||
| 245 | 1 | 0 |
_aSlope Stability Analysis Considering Local Factors of Safety Using Non-vertical Slices within the Limit Equilibrium framework / _cby Younus Ahmed Khan ; _6Supervisor : Mushfique Ahmed |
| 260 |
_aRajshahi : _bDepartment of Geology and Mining, University of Rajshahi _c2005 |
||
| 300 |
_a[3], xii, 181 leaves : _bill.; _c29 cm. |
||
| 502 | _aThesis(Ph.D.)-- Department of Geology and Mining,University of Rajshahi,2005 | ||
| 504 | _aBibliography : Leaves 114-123 | ||
| 650 |
_aHydrology _xHills _95751 |
||
| 700 |
_aAhmed, Mushfique, Supervisor _95752 |
||
| 942 |
_2ddc _cTHE |
||
| 999 |
_c80729 _d80729 |
||